[Event "Medias Kings blitz 10th"]
[Site "Medias"]
[Date "2016.11.30"]
[Round "5"]
[White "Foisor, Cristina Adela B"]
[Black "Marin, Mihail"]
[Result "0-1"]
[WhiteElo "2349"]
[BlackElo "2539"]
[PlyCount "103"]
[EventDate "2016.11.30"]
[EventType "match (blitz)"]
[EventRounds "9"]
[EventCountry "ROU"]
[EventCategory "9"]
[SourceTitle "CBM 175 Extra"]
[Source "ChessBase"]
[SourceDate "2016.12.12"]
[SourceVersion "1"]
[SourceVersionDate "2016.12.12"]
[SourceQuality "1"]

1. e4 e6 2. d4 d5 3. Nd2 c5 4. exd5 Qxd5 5. Ngf3 cxd4 6. Bc4 Qd6 7. 0-0 Nf6 8. Nb3 Nc6 9. Nbxd4 Nxd4 10. Nxd4 a6 11. a4 Qc7 12. Qe2 Bd6 13. h3 0-0 14. Rd1 Bh2+ 15. Kh1 Bf4 16. Be3 Bd7 17. Bb3 Rad8 18. c3 Rfe8 19. Bc2 Bxe3 20. Qxe3 Qc5 21. Kg1 h6 22. Nb3 Qxe3 23. fxe3 Nd5 24. Kf2 f5 25. Nc5 Bc8 26. a5 Kf7 27. Ba4 Rf8 28. Bb3 Nf6 29. Rd4 Ke7 30. Rad1 e5 31. Rxd8 Rxd8 32. Rxd8 Kxd8 33. Ne6+ Ke7 34. Nc5 Kd6 35. Nd3 Ne4+ 36. Ke2 g5 37. Bf7 Bd7 38. c4 Nc5 39. b4 Nxd3 40. Kxd3 Bc6 41. g3 f4 42. exf4 exf4 43. gxf4 gxf4 44. Kd4 Bg2 45. h4 Ke7 46. Bg6 Kd6 47. Be4 Bf1 48. Bxb7 Be2 49. Bxa6 f3 50. Ke3 Ke5 51. Bb7 Bxc4 52. Kxf3 0-1

[Event "Medias Kings rapid 10th"]
[Site "Medias"]
[Date "2016.11.28"]
[Round "3"]
[White "Peptan, Corina Isabela"]
[Black "Foisor, Cristina Adela B"]
[Result "1/2-1/2"]
[WhiteElo "2395"]
[BlackElo "2360"]
[PlyCount "81"]
[EventDate "2016.11.28"]
[EventType "tourn (rapid)"]
[EventRounds "9"]
[EventCountry "ROU"]
[EventCategory "9"]
[SourceTitle "CBM 175 Extra"]
[Source "ChessBase"]
[SourceDate "2016.12.12"]
[SourceVersion "1"]
[SourceVersionDate "2016.12.12"]
[SourceQuality "1"]

1. d4 d5 2. c4 c6 3. e3 Nf6 4. Nc3 a6 5. Nf3 g6 6. Qb3 Bg7 7. Bd3 0-0 8. 0-0 Ra7 9. Bd2 Be6 10. c5 Ne4 11. Qb6 Nxd2 12. Nxd2 Qxb6 13. cxb6 Ra8 14. Nb3 Bc8 15. f4 Re8 16. Rae1 f5 17. Na4 e6 18. Nbc5 Bf6 19. Rc1 Bd8 20. Rc3 Nd7 21. Rb3 Nxc5 22. Nxc5 Be7 23. Nxa6 bxa6 24. b7 Bxb7 25. Rxb7 c5 26. dxc5 Bxc5 27. Kf2 Rab8 28. Rxb8 Rxb8 29. b3 a5 30. Rc1 Rc8 31. Ke2 Rc7 32. Bb5 Kf7 33. Kd3 Ke7 34. h3 Kd6 35. Ke2 Bb6 36. Rxc7 Bxc7 37. Be8 Bb6 38. Kd3 Bc5 39. Bb5 e5 40. fxe5+ Kxe5 41. Bc6 1/2-1/2

[Event "Olympiad Women-42"]
[Site "Baku"]
[Date "2016.09.06"]
[Round "5.2"]
[White "Foisor, Cristina Adela B"]
[Black "Efroimski, Marsel"]
[Result "1-0"]
[WhiteElo "2353"]
[BlackElo "2322"]
[PlyCount "81"]
[EventDate "2016.09.02"]
[EventType "team-swiss"]
[EventRounds "11"]
[EventCountry "AZE"]
[SourceTitle "CBM 174 Extra"]
[Source "ChessBase"]
[SourceDate "2016.10.10"]
[SourceVersion "1"]
[SourceVersionDate "2016.10.10"]
[SourceQuality "1"]
[WhiteTeam "Romania (W)"]
[BlackTeam "Israel (W)"]
[WhiteTeamCountry "ROU"]
[BlackTeamCountry "ISR"]

1. Nf3 Nf6 2. c4 g6 3. Nc3 Bg7 4. e4 d6 5. d4 0-0 6. Be2 e5 7. dxe5 dxe5 8. Qxd8 Rxd8 9. Bg5 Na6 10. Nd5 Rd6 11. Nxf6+ Bxf6 12. Bxf6 Rxf6 13. Nxe5 Re6 14. f4 Nc5 15. 0-0-0 f6 16. Rd8+ Kg7 17. Nd3 Rxe4 18. Nxc5 Rxe2 19. Nd3 b6 20. Re1 Rxe1+ 21. Nxe1 Kf7 22. g4 h5 23. gxh5 gxh5 24. Nc2 Ke7 25. Rh8 Bb7 26. Rxh5 Be4 27. Ne3 Rg8 28. Kd2 Rg1 29. Kc3 c5 30. Rh3 Rc1+ 31. Kd2 Rb1 32. Nd1 Bg6 33. Rh6 Kf7 34. b3 Ra1 35. Nc3 Rf1 36. Ke3 Rc1 37. Nd5 Rc2 38. f5 Bxf5 39. Rxf6+ Ke8 40. Rxf5 Rxh2 41. Rf2 1-0

[Event "Olympiad Women-42"]
[Site "Baku"]
[Date "2016.09.05"]
[Round "4.4"]
[White "Foisor, Cristina Adela B"]
[Black "Mammadzada, Gunay Vuqar Qizi"]
[Result "1-0"]
[WhiteElo "2353"]
[BlackElo "2361"]
[PlyCount "160"]
[EventDate "2016.09.02"]
[EventType "team-swiss"]
[EventRounds "11"]
[EventCountry "AZE"]
[SourceTitle "CBM 174 Extra"]
[Source "ChessBase"]
[SourceDate "2016.10.10"]
[SourceVersion "1"]
[SourceVersionDate "2016.10.10"]
[SourceQuality "1"]
[WhiteTeam "Romania (W)"]
[BlackTeam "Azerbaijan (W)"]
[WhiteTeamCountry "ROU"]
[BlackTeamCountry "AZE"]

1. d4 d5 2. c4 c6 3. Nc3 Nf6 4. e3 e6 5. Nf3 Nbd7 6. Qc2 Bd6 7. Be2 0-0 8. 0-0 dxc4 9. Bxc4 b5 10. Be2 a6 11. Rd1 Qc7 12. h3 c5 13. dxc5 Bxc5 14. Ne4 Nxe4 15. Qxe4 Bb7 16. Qf4 Qxf4 17. exf4 Nb6 18. Ne5 Rfc8 19. Bd2 Bd5 20. Ba5 Na4 21. b3 Bb6 22. Bxb6 Nxb6 23. Rd2 Kf8 24. Rad1 g6 25. h4 b4 26. Ng4 Ke7 27. Ne3 Ra7 28. Kh2 a5 29. Rd4 Rc5 30. Kg3 Rac7 31. Bf3 Bxf3 32. Kxf3 h5 33. g3 Rc1 34. R1d2 R1c5 35. Re4 Rd7 36. Ke2 Rxd2+ 37. Kxd2 Nd5 38. Rc4 Rb5 39. Rc8 Nc3 40. a4 Ne4+ 41. Kd3 Rc5 42. Rxc5 Nxc5+ 43. Kc4 Kd6 44. f3 Kc6 45. Nf1 Nd7 46. Nd2 e5 47. fxe5 Nxe5+ 48. Kd4 Kd6 49. f4 Nc6+ 50. Kc4 Ne7 51. Kb5 Kd5 52. Nc4 Kd4 53. Nxa5 Kc3 54. Kc5 f6 55. Kd6 Nf5+ 56. Ke6 Nxg3 57. Kxf6 Ne2 58. Kxg6 Nxf4+ 59. Kg5 Ne6+ 60. Kxh5 Nd4 61. Kg5 Nxb3 62. Nxb3 Kxb3 63. a5 Kc4 64. a6 b3 65. a7 b2 66. a8Q b1Q 67. Qc6+ Kd4 68. Qf6+ Kc4 69. Qf5 Qb2 70. h5 Qg7+ 71. Kf4 Qc7+ 72. Kf3 Kc3 73. Qf6+ Kd3 74. h6 Qb7+ 75. Kg3 Qa7 76. Qf5+ Kc4 77. h7 Qg1+ 78. Kh4 Qh2+ 79. Kg5 Kb3 80. Qe6+ Ka3 1-0

[Event "Vienna op-A"]
[Site "Vienna"]
[Date "2016.08.23"]
[Round "9"]
[White "Tomov, Georgi"]
[Black "Foisor, Cristina Adela B"]
[Result "1-0"]
[WhiteElo "2248"]
[BlackElo "2351"]
[PlyCount "99"]
[EventDate "2016.08.16"]
[EventType "swiss"]
[EventRounds "9"]
[EventCountry "AUT"]
[SourceTitle "CBM 173 Extra"]
[Source "ChessBase"]
[SourceDate "2016.08.29"]
[SourceVersion "1"]
[SourceVersionDate "2016.08.29"]
[SourceQuality "1"]

1. d4 g6 2. e4 Bg7 3. Nf3 d6 4. Bc4 e6 5. 0-0 a6 6. a4 b6 7. Re1 Ne7 8. Nbd2 0-0 9. Nf1 Bb7 10. Ng3 Nd7 11. c3 c5 12. Bb3 Qc7 13. h4 e5 14. Bg5 Rae8 15. d5 c4 16. Bc2 f6 17. Bd2 Nc5 18. h5 Rf7 19. Be3 Bc8 20. hxg6 hxg6 21. Nf1 Bf8 22. N3d2 b5 23. axb5 axb5 24. b3 cxb3 25. Nxb3 Nxb3 26. Bxb3 Qxc3 27. Qb1 Qc7 28. Rc1 Qb8 29. Ra7 f5 30. Rcc7 f4 31. Bd2 f3 32. gxf3 Rxf3 33. Bd1 Rf7 34. Nh2 Nc6 35. Rxc8 Qxc8 36. Rxf7 Kxf7 37. dxc6 Qxc6 38. Qb3+ Ke7 39. Bg4 Qc4 40. Bg5+ Kf7 41. Qf3+ Kg8 42. Bd7 Ra8 43. Ng4 Qf7 44. Nf6+ Kg7 45. Qh3 Qxf6 46. Bxf6+ Kxf6 47. Qe6+ Kg7 48. Bxb5 Ra7 49. Be8 Kh8 50. Bf7 1-0

[Event "Vienna op-A"]
[Site "Vienna"]
[Date "2016.08.18"]
[Round "3"]
[White "Ragger, Markus"]
[Black "Foisor, Cristina Adela B"]
[Result "1-0"]
[WhiteElo "2686"]
[BlackElo "2351"]
[PlyCount "65"]
[EventDate "2016.08.16"]
[EventType "swiss"]
[EventRounds "9"]
[EventCountry "AUT"]
[SourceTitle "CBM 173 Extra"]
[Source "ChessBase"]
[SourceDate "2016.08.29"]
[SourceVersion "1"]
[SourceVersionDate "2016.08.29"]
[SourceQuality "1"]

1. Nf3 d5 2. d4 Nf6 3. c4 c6 4. e3 g6 5. Nc3 Bg7 6. Be2 0-0 7. 0-0 Bg4 8. h3 Bxf3 9. Bxf3 e6 10. b4 dxc4 11. Qe2 Nd5 12. Qxc4 Nd7 13. Bd2 N7b6 14. Qb3 Re8 15. Ne4 Qe7 16. Rac1 a6 17. Nc5 e5 18. dxe5 Bxe5 19. a4 Rad8 20. Rfd1 Bb8 21. g3 Nf6 22. Bg2 Bd6 23. Bc3 Nbd5 24. Ba1 a5 25. Qb2 Bxc5 26. Rxc5 Kg7 27. Bxd5 cxd5 28. Rxa5 Rd6 29. Raxd5 Rb6 30. b5 Rc8 31. Rd7 Qe4 32. Qd4 Qe6 33. a5 1-0

[Event "Vienna op-A"]
[Site "Vienna"]
[Date "2016.08.17"]
[Round "2"]
[White "Foisor, Cristina Adela B"]
[Black "Nohr, Jonas"]
[Result "1-0"]
[WhiteElo "2351"]
[BlackElo "2116"]
[PlyCount "75"]
[EventDate "2016.08.16"]
[EventType "swiss"]
[EventRounds "9"]
[EventCountry "AUT"]
[SourceTitle "CBM 173 Extra"]
[Source "ChessBase"]
[SourceDate "2016.08.29"]
[SourceVersion "1"]
[SourceVersionDate "2016.08.29"]
[SourceQuality "1"]

1. d4 Nf6 2. Nf3 d6 3. c4 Nbd7 4. Nc3 e5 5. g3 Be7 6. Bg2 0-0 7. 0-0 c6 8. e3 Re8 9. a4 a5 10. b3 Qc7 11. Ba3 b6 12. Qc1 Ba6 13. Rd1 Rad8 14. Ra2 Nf8 15. d5 cxd5 16. Nxd5 Nxd5 17. cxd5 Qxc1 18. Rxc1 Nd7 19. Rc7 Nc5 20. Bxc5 bxc5 21. Bf1 Bxf1 22. Kxf1 Rc8 23. Rxc8 Rxc8 24. Nd2 Kf8 25. Nc4 Ra8 26. e4 Ke8 27. Ke2 Ra7 28. Kd3 Kd7 29. f4 f6 30. Kc3 Bd8 31. Rf2 Rb7 32. fxe5 dxe5 33. g4 h6 34. h4 Ke7 35. g5 hxg5 36. hxg5 Bc7 37. gxf6+ gxf6 38. Rh2 1-0

[Event "EU-ch (Women) 17th"]
[Site "Mamaia"]
[Date "2016.06.05"]
[Round "9"]
[White "Foisor, Cristina Adela B"]
[Black "Zawadzka, Jolanta"]
[Result "0-1"]
[WhiteElo "2322"]
[BlackElo "2442"]
[PlyCount "88"]
[EventDate "2016.05.27"]
[EventType "swiss"]
[EventRounds "11"]
[EventCountry "ROU"]
[SourceTitle "CBM 172 Extra"]
[Source "ChessBase"]
[SourceDate "2016.06.21"]
[SourceVersion "1"]
[SourceVersionDate "2016.06.21"]
[SourceQuality "1"]

1. Nf3 d5 2. g3 Bg4 3. Bg2 c6 4. d3 Nf6 5. Nbd2 Nbd7 6. h3 Bh5 7. 0-0 e5 8. e4 dxe4 9. dxe4 Qc7 10. Qe2 Nc5 11. a4 a5 12. b3 Nfd7 13. Bb2 f6 14. Nc4 Be7 15. Ne3 Ne6 16. Qe1 0-0 17. Bc3 Rfd8 18. Nd2 Bc5 19. Bf3 Bf7 20. Ndc4 b6 21. Bb2 Nd4 22. Bd1 Nf8 23. Kg2 Nde6 24. h4 Bg6 25. Nf5 Nd4 26. Nce3 Nxf5 27. exf5 Bf7 28. Bf3 Bd4 29. Nd1 Rac8 30. Nc3 Nd7 31. Rb1 Nc5 32. Ba3 Qd7 33. Ne4 Qxf5 34. Bxc5 Bxc5 35. Nxc5 bxc5 36. Qxa5 e4 37. Be2 e3 38. Bd3 Rxd3 39. cxd3 e2 40. Rg1 Bd5+ 41. Kh2 Qxf2+ 42. Kh3 Be6+ 43. g4 h5 44. Rg2 hxg4+ 0-1

[Event "EU-ch (Women) 17th"]
[Site "Mamaia"]
[Date "2016.05.29"]
[Round "3"]
[White "Foisor, Cristina Adela B"]
[Black "Daulyte Cornette, Deimante"]
[Result "1-0"]
[WhiteElo "2322"]
[BlackElo "2392"]
[PlyCount "157"]
[EventDate "2016.05.27"]
[EventType "swiss"]
[EventRounds "11"]
[EventCountry "ROU"]
[SourceTitle "CBM 172 Extra"]
[Source "ChessBase"]
[SourceDate "2016.06.21"]
[SourceVersion "1"]
[SourceVersionDate "2016.06.21"]
[SourceQuality "1"]

1. Nf3 d5 2. e3 Nf6 3. c4 e6 4. b3 b6 5. Bb2 Bb7 6. Be2 Nbd7 7. Qc2 a6 8. d3 Bd6 9. Nbd2 c5 10. h3 Qc7 11. Rc1 Rc8 12. Qb1 Qb8 13. Qa1 b5 14. 0-0 0-0 15. Rfd1 Rfd8 16. Nf1 Re8 17. N1d2 Red8 18. Bf1 Qa8 19. cxd5 exd5 20. Nh4 Re8 21. Nf5 Bf8 22. Bxf6 Nxf6 23. Nh6+ gxh6 24. Qxf6 Bg7 25. Qh4 Qb8 26. Nf3 Rc6 27. Qh5 Qd8 28. d4 c4 29. Ne5 Rc7 30. Be2 Qe7 31. Bf3 Qg5 32. Nd3 Bf8 33. Nf4 Rd8 34. Qg4 c3 35. Rc2 b4 36. g3 a5 37. h4 Qxg4 38. Bxg4 a4 39. Bf3 Bc6 40. Kg2 Ra7 41. Rb1 axb3 42. axb3 Ra5 43. g4 Bd6 44. Nd3 Rda8 45. Rd1 Ra2 46. Rxa2 Rxa2 47. Nc1 Rb2 48. h5 Kg7 49. Rg1 Kf6 50. Be2 Ke6 51. Bd3 Rd2 52. Kf3 Be7 53. Kg3 Kd6 54. Bxh7 Bb5 55. f4 f6 56. Kf3 Bd8 57. Bf5 Rb2 58. Rg2 Rd2 59. Bc2 Rxg2 60. Kxg2 Ke6 61. Kf3 Be7 62. Bd3 Bxd3 63. Nxd3 f5 64. g5 hxg5 65. fxg5 Bxg5 66. Nxb4 Kd6 67. Ke2 Ke6 68. Kd3 f4 69. exf4 Bxf4 70. Kxc3 Bh6 71. Kd3 Kd6 72. Nc2 Ke6 73. Ne3 Bf8 74. Kc3 Bh6 75. Ng4 Bf8 76. h6 Kf5 77. h7 Bg7 78. Ne5 Kf6 79. b4 1-0

[Event "ROM-ch (Women)"]
[Site "Olanesti"]
[Date "2016.04.10"]
[Round "9"]
[White "Sandu, Mihaela"]
[Black "Foisor, Cristina Adela B"]
[Result "1/2-1/2"]
[WhiteElo "2224"]
[BlackElo "2328"]
[PlyCount "62"]
[EventDate "2016.04.02"]
[EventType "swiss"]
[EventRounds "9"]
[EventCountry "ROU"]
[SourceTitle "CBM 171 Extra"]
[Source "ChessBase"]
[SourceDate "2016.04.26"]
[SourceVersion "1"]
[SourceVersionDate "2016.04.26"]
[SourceQuality "1"]

1. e4 g6 2. d4 Bg7 3. Nf3 d6 4. Be2 Nd7 5. 0-0 a6 6. a4 b6 7. Re1 e6 8. Bf4 Bb7 9. Bf1 h6 10. h4 Ne7 11. c3 e5 12. Bg3 0-0 13. dxe5 dxe5 14. Nbd2 Nc8 15. Nc4 Qe7 16. h5 g5 17. Nfd2 Rd8 18. Be2 Nc5 19. Qc2 Nd6 20. Bf1 a5 21. Nxd6 cxd6 22. f3 d5 23. exd5 Bxd5 24. Nc4 Bxc4 25. Bxc4 Ne6 26. Bf2 Rd6 27. Rad1 Rad8 28. Rxd6 Rxd6 29. Rd1 Nc5 30. Rxd6 Qxd6 31. b4 Nd7 1/2-1/2

[Event "ROM-ch (Women)"]
[Site "Olanesti"]
[Date "2016.04.09"]
[Round "8"]
[White "Foisor, Cristina Adela B"]
[Black "Ionescu, Irina"]
[Result "1-0"]
[WhiteElo "2328"]
[BlackElo "2228"]
[PlyCount "111"]
[EventDate "2016.04.02"]
[EventType "swiss"]
[EventRounds "9"]
[EventCountry "ROU"]
[SourceTitle "CBM 171 Extra"]
[Source "ChessBase"]
[SourceDate "2016.04.26"]
[SourceVersion "1"]
[SourceVersionDate "2016.04.26"]
[SourceQuality "1"]

1. d4 Nf6 2. c4 e6 3. Nc3 Bb4 4. Qc2 c5 5. dxc5 Na6 6. c6 bxc6 7. Bd2 0-0 8. Nf3 Nc5 9. a3 Bxc3 10. Bxc3 Nce4 11. Bxf6 Nxf6 12. e3 c5 13. Bd3 Bb7 14. 0-0-0 Qc7 15. Ng5 h6 16. h4 d5 17. cxd5 exd5 18. Nh7 Nxh7 19. Bxh7+ Kh8 20. Bf5 Qe5 21. Rhe1 Bc8 22. g4 Bxf5 23. Qxf5 Qxf5 24. gxf5 Rad8 25. f3 g5 26. hxg5 hxg5 27. Rg1 f6 28. f4 Kg7 29. fxg5 fxg5 30. Rxg5+ Kf6 31. Rh5 Ke5 32. Rh7 Rxf5 33. Rxa7 d4 34. exd4+ Rxd4 35. Re7+ Kd6 36. Rxd4+ cxd4 37. Rb7 Rf2 38. Rb5 Kc6 39. a4 Rh2 40. Kd1 Rg2 41. Kc1 Rh2 42. b3 Rg2 43. Rh5 Rf2 44. a5 Rf1+ 45. Kc2 Rf2+ 46. Kd3 Rf3+ 47. Kc4 Rc3+ 48. Kb4 Rc1 49. Rh8 Kd5 50. a6 Ra1 51. Kb5 d3 52. Rd8+ Ke4 53. b4 Ke3 54. Kb6 Ra4 55. b5 d2 56. a7 1-0

[Event "BL 1516 (Women)"]
[Site "Germany"]
[Date "2016.02.28"]
[Round "9.1"]
[White "Foisor, Cristina Adela B"]
[Black "Lubbe, Melanie"]
[Result "1-0"]
[WhiteElo "2361"]
[BlackElo "2308"]
[PlyCount "115"]
[EventDate "2015.09.26"]
[EventType "team-tourn"]
[EventRounds "11"]
[EventCountry "GER"]
[SourceTitle "EXT 2018"]
[Source "ChessBase"]
[SourceDate "2017.10.13"]
[SourceVersion "1"]
[SourceVersionDate "2017.10.13"]
[SourceQuality "1"]
[WhiteTeam "Deizisau (W)"]
[BlackTeam "Friedberg (W)"]
[WhiteTeamCountry "GER"]
[BlackTeamCountry "GER"]

1. d4 Nf6 2. c4 g6 3. Nc3 Bg7 4. g3 0-0 5. Bg2 d6 6. Nf3 c6 7. 0-0 Bf5 8. b3 Ne4 9. Bb2 Nxc3 10. Bxc3 Be4 11. e3 b5 12. Qe2 bxc4 13. bxc4 c5 14. Rac1 Nd7 15. Rfd1 Qc7 16. Bf1 Rab8 17. Nd2 Bc6 18. Nb3 Ba4 19. Rb1 Rfc8 20. Rdc1 Qc6 21. h4 h5 22. d5 Qa6 23. Bxg7 Kxg7 24. Bh3 Rb4 25. e4 Rcb8 26. Bxd7 Bxd7 27. e5 dxe5 28. Qxe5+ Qf6 29. Qxf6+ Kxf6 30. Ra1 Rc8 31. Rc3 Ke5 32. Re1+ Kd6 33. Nd2 Bf5 34. Ra3 Rc7 35. Ra6+ Rb6 36. Ra5 Rb2 37. Nb3 Rb1 38. Ra6+ Kd7 39. Rxb1 Bxb1 40. f3 Bd3 41. Nd2 Kc8 42. Kf2 Kb7 43. Ra3 Bf5 44. Ke3 e6 45. Ne4 exd5 46. cxd5 c4 47. Kd4 Kb6 48. Rc3 Bxe4 49. fxe4 Kb5 50. e5 Kb4 51. a3+ Kb5 52. d6 Rc8 53. Rf3 Rf8 54. e6 Kc6 55. Rxf7 Rd8 56. d7 Rb8 57. Re7 Rb1 58. Kxc4 1-0

[Event "Oberliga Wuerttemberg 1516"]
[Site "Wuerttemberg"]
[Date "2016.02.21"]
[Round "7.7"]
[White "Foisor, Cristina Adela B"]
[Black "Pohl, Walter"]
[Result "1-0"]
[WhiteElo "2281"]
[BlackElo "2064"]
[PlyCount "98"]
[EventDate "2015.09.20"]
[EventType "team-tourn"]
[EventRounds "9"]
[EventCountry "GER"]
[SourceTitle "EXT 2019"]
[Source "ChessBase"]
[SourceDate "2018.10.10"]
[SourceVersion "1"]
[SourceVersionDate "2018.10.10"]
[SourceQuality "1"]
[WhiteTeam "Deizisau"]
[BlackTeam "Schwaebisch Gmuend"]
[WhiteTeamCountry "GER"]
[BlackTeamCountry "GER"]

1. d4 d5 2. Nf3 Nc6 3. Bf4 Bg4 4. e3 e6 5. Bb5 Bd6 6. Bxc6+ bxc6 7. Nbd2 Bxf4 8. exf4 Qd6 9. c3 Qxf4 10. Qa4 Ne7 11. Ne5 0-0 12. g3 Qf5 13. f3 Bh3 14. 0-0-0 c5 15. g4 Qg5 16. Nd7 cxd4 17. Nxf8 dxc3 18. Nd7 cxd2+ 19. Rxd2 Qe3 20. Qb3 Qf4 21. Re1 h5 22. gxh5 Bf5 23. Rg1 Kh7 24. Qc3 Rg8 25. Nc5 Qh6 26. b4 Qxh5 27. Nb3 Bg6 28. Kb2 c6 29. f4 Qf5 30. Qd4 Re8 31. Rc1 f6 32. a4 e5 33. fxe5 fxe5 34. Qxa7 Qf4 35. Qc5 d4 36. a5 Nd5 37. a6 Qe4 38. a7 Nc3 39. Rxc3 dxc3+ 40. Qxc3 Ra8 41. Rd7 Qe2+ 42. Qd2 Qe4 43. Rc7 Qb1+ 44. Ka3 Bc2 45. Qc3 Bxb3 46. Qh3+ Kg8 47. Qxb3+ Qxb3+ 48. Kxb3 Kh7 49. Kc3 Kg6 1-0

[Event "Gibraltar Masters 14th"]
[Site "Caleta"]
[Date "2016.02.03"]
[Round "9"]
[White "Foisor, Cristina Adela B"]
[Black "Nebolsina, Vera"]
[Result "0-1"]
[WhiteElo "2338"]
[BlackElo "2208"]
[PlyCount "114"]
[EventDate "2016.01.26"]
[EventType "swiss"]
[EventRounds "10"]
[EventCountry "GGB"]
[SourceTitle "CBM 171"]
[Source "ChessBase"]
[SourceDate "2016.03.14"]
[SourceVersion "2"]
[SourceVersionDate "2016.03.14"]
[SourceQuality "1"]

1. Nf3 d5 2. c4 c6 3. e3 Nf6 4. Nc3 g6 5. d4 Bg7 6. cxd5 cxd5 7. Bb5+ Bd7 8. Qb3 Bxb5 9. Qxb5+ Qd7 10. Ne5 Qxb5 11. Nxb5 Na6 12. b3 Nd7 13. Nd3 Ndb8 14. Nf4 Nc6 15. Nxd5 0-0-0 16. Ndc3 Nab4 17. 0-0 e5 18. a3 exd4 19. axb4 dxc3 20. Nxa7+ Kc7 21. Nxc6 Kxc6 22. Ra5 b6 23. Ra7 Rhf8 24. f4 Ra8 25. Re7 Bf6 26. Re4 b5 27. f5 g5 28. h4 h6 29. hxg5 hxg5 30. Rg4 Rfd8 31. Rg3 Ra2 32. Rgf3 Rd3 33. e4 Bd4+ 34. Kh1 Rxf3 35. gxf3 f6 36. Rd1 Ra1 37. Kg2 Be3 38. e5 Rxc1 39. Rd6+ Kc7 40. Rd3 c2 41. Rxe3 Rg1+ 42. Kxg1 c1Q+ 43. Kf2 Qd2+ 44. Re2 Qd4+ 45. Kg2 fxe5 46. Re4 Qd2+ 47. Kg3 Kd6 48. f6 Ke6 49. f7 Kxf7 50. Rg4 Kf6 51. Re4 Kf5 52. Rg4 Qe1+ 53. Kg2 Qe2+ 54. Kg3 Qf1 55. Re4 Qg1+ 56. Kh3 Kf6 57. Rg4 Qf2 0-1

[Event "Gibraltar Masters 14th"]
[Site "Caleta"]
[Date "2016.02.02"]
[Round "8"]
[White "Mohota, Nisha"]
[Black "Foisor, Cristina Adela B"]
[Result "1-0"]
[WhiteElo "2245"]
[BlackElo "2338"]
[PlyCount "133"]
[EventDate "2016.01.26"]
[EventType "swiss"]
[EventRounds "10"]
[EventCountry "GGB"]
[SourceTitle "CBM 171"]
[Source "ChessBase"]
[SourceDate "2016.03.14"]
[SourceVersion "2"]
[SourceVersionDate "2016.03.14"]
[SourceQuality "1"]

1. e4 g6 2. d4 Bg7 3. Nc3 d6 4. Be3 a6 5. Qd2 Nd7 6. h4 h5 7. 0-0-0 b5 8. Nh3 Bb7 9. Ng5 e6 10. a3 Qe7 11. f4 Nh6 12. e5 d5 13. Bd3 Nb6 14. Rh3 Nf5 15. Bf2 Bf8 16. Qe2 Nh6 17. Rf1 Qd7 18. f5 Nxf5 19. g4 hxg4 20. Qxg4 0-0-0 21. Ne2 Bh6 22. Nf4 Qe7 23. Rfh1 Rdg8 24. Kb1 Nc4 25. Kc1 Kb8 26. R1h2 Rc8 27. Qg1 Rcg8 28. Be1 Qd8 29. b3 Nb6 30. Kb2 Qe8 31. Rg2 Nc8 32. Bxf5 exf5 33. h5 Ne7 34. hxg6 Nxg6 35. Nh5 Bxg5 36. Rxg5 Qd8 37. Qf1 Ne7 38. Rxg8 Nxg8 39. Bb4 Bc6 40. Nf4 Rxh3 41. Qxh3 Bb7 42. Qh7 Qe8 43. Qg7 Bc8 44. Bc5 a5 45. Nxd5 Qc6 46. Nxc7 Kxc7 47. Qxf7+ Bd7 48. Bd6+ Kb6 49. Qxg8 Qc8 50. Qg1 a4 51. d5+ Ka6 52. Qg6 Kb7 53. e6 axb3 54. cxb3 Qh8+ 55. Ka2 Qc3 56. Qg2 Be8 57. Bb4 Qd4 58. d6+ Bc6 59. Qd2 Qxd2+ 60. Bxd2 Kc8 61. d7+ Bxd7 62. exd7+ Kxd7 63. Kb2 Kc6 64. Kc3 Kc5 65. Be3+ Kd5 66. Kb4 Ke4 67. Bh6 1-0

[Event "Gibraltar Masters 14th"]
[Site "Caleta"]
[Date "2016.01.30"]
[Round "5"]
[White "Foisor, Cristina Adela B"]
[Black "Osuna Vega, Enrique"]
[Result "1-0"]
[WhiteElo "2338"]
[BlackElo "2127"]
[PlyCount "49"]
[EventDate "2016.01.26"]
[EventType "swiss"]
[EventRounds "10"]
[EventCountry "GGB"]
[SourceTitle "CBM 171"]
[Source "ChessBase"]
[SourceDate "2016.03.14"]
[SourceVersion "2"]
[SourceVersionDate "2016.03.14"]
[SourceQuality "1"]

1. d4 Nf6 2. c4 g6 3. Nc3 d5 4. cxd5 Nxd5 5. Bd2 Nf6 6. Bg5 Bg7 7. e4 h6 8. Bh4 c6 9. Nf3 Nh5 10. Qd2 Bg4 11. 0-0-0 g5 12. Bg3 Nxg3 13. hxg3 b5 14. Be2 a6 15. Ne5 Bxe5 16. Bxg4 Bg7 17. e5 0-0 18. f4 e6 19. Ne4 gxf4 20. gxf4 Nd7 21. Qd3 Qe7 22. Ng5 Rfb8 23. Rxh6 Nf8 24. Rh3 Ng6 25. Bxe6 1-0

[Event "EU-chT (Women) 20th"]
[Site "Reykjavik"]
[Date "2015.11.19"]
[Round "6.1"]
[White "Stojanovic, Andjelija"]
[Black "Foisor, Cristina Adela B"]
[Result "1/2-1/2"]
[WhiteElo "2357"]
[BlackElo "2346"]
[PlyCount "104"]
[EventDate "2015.11.13"]
[EventType "team-swiss"]
[EventRounds "9"]
[EventCountry "ISL"]
[SourceTitle "CBM 169 Extra"]
[Source "ChessBase"]
[SourceDate "2015.12.18"]
[SourceVersion "1"]
[SourceVersionDate "2015.12.18"]
[SourceQuality "1"]
[WhiteTeam "Serbia (W)"]
[BlackTeam "Romania (W)"]
[WhiteTeamCountry "SRB"]
[BlackTeamCountry "ROU"]

1. e4 e5 2. Nf3 Nc6 3. Bc4 Bc5 4. 0-0 Nf6 5. d4 Bxd4 6. Nxd4 Nxd4 7. f4 d6 8. fxe5 dxe5 9. Bg5 Qe7 10. Na3 Be6 11. c3 Bxc4 12. Nxc4 Ne6 13. Bxf6 Qc5+ 14. Kh1 Qxc4 15. Bxe5 0-0 16. Qf3 Rad8 17. b3 Qc6 18. h4 f6 19. Bh2 Nc5 20. e5 Qxf3 21. Rxf3 f5 22. e6 Nxe6 23. Re1 Rde8 24. h5 g6 25. hxg6 hxg6 26. Be5 Rf7 27. Bd4 b6 28. c4 Rh7+ 29. Kg1 Kf7 30. Rfe3 Ng7 31. Be5 Re7 32. b4 Ne8 33. c5 Nf6 34. Ra3 bxc5 35. Rxa7 cxb4 36. Rxc7 Rxc7 37. Bxc7 Nd5 38. Bd6 Rh4 39. a3 bxa3 40. Bxa3 Ra4 41. Bd6 Ra2 42. g4 f4 43. g5 Ra6 44. Be5 Ra3 45. Re4 Re3 46. Rxe3 fxe3 47. Kg2 Ke6 48. Bg3 Kf5 49. Kf3 Kxg5 50. Ke4 Kg4 51. Be1 Nf4 52. Bb4 Ng2 1/2-1/2

[Event "EU-chT (Women) 20th"]
[Site "Reykjavik"]
[Date "2015.11.13"]
[Round "1.1"]
[White "Foisor, Cristina Adela B"]
[Black "Stanford, Sheila Barth"]
[Result "0-1"]
[WhiteElo "2346"]
[BlackElo "2190"]
[PlyCount "106"]
[EventDate "2015.11.13"]
[EventType "team-swiss"]
[EventRounds "9"]
[EventCountry "ISL"]
[SourceTitle "EXT 2017"]
[Source "ChessBase"]
[SourceDate "2016.10.25"]
[SourceVersion "1"]
[SourceVersionDate "2016.10.25"]
[SourceQuality "1"]
[WhiteTeam "Romania (W)"]
[BlackTeam "Norway (W)"]
[WhiteTeamCountry "ROU"]
[BlackTeamCountry "NOR"]

1. d4 f5 2. g3 Nf6 3. Bg2 e6 4. Nf3 d6 5. 0-0 Be7 6. b3 0-0 7. Bb2 Ne4 8. Nbd2 Nxd2 9. Qxd2 Nd7 10. Ne1 Nf6 11. Nd3 Qe8 12. f3 c5 13. dxc5 dxc5 14. e4 c4 15. bxc4 Qa4 16. Qc3 Bd7 17. exf5 exf5 18. Rfe1 Rfe8 19. f4 Bc6 20. Qb3 Rad8 21. Re5 Ng4 22. Bd5+ Kh8 23. Re6 Qa5 24. Rae1 Bc5+ 25. Kf1 Rxe6 26. Rxe6 Bxd5 27. Bc3 Nxh2+ 28. Ke1 Nf3+ 29. Kd1 Qxc3 30. Qxc3 Bxe6 31. Ke2 Nd4+ 32. Kf1 Be7 33. a4 Nc6 34. Qb3 Rd7 35. Qb5 h6 36. a5 a6 37. Qa4 Rd4 38. Ne5 Kh7 39. Qa1 Bf6 40. c3 Bxc4+ 41. Kg1 Bxe5 42. fxe5 Re4 43. Qb1 Nxe5 44. Qxb7 Ng4 45. Qb1 Kg6 46. Qb6+ Re6 47. Qb1 Re2 48. Qb6+ Kh7 49. Qc6 Ne3 50. g4 Bd5 51. c4 Be4 52. gxf5 Rg2+ 53. Kh1 Rg3+ 0-1